000 00804nam a2200241Ia 4500
999 _c31255
_d31255
005 20240530102310.0
008 140319s9999 xx 000 0 ara d
017 _bمصر. دار الكتب
040 _aGCL /
_cGCL
082 0 4 _a301.2
_bن ا
_221
100 1 _aمحمد منير مرسى
245 1 0 _aانثروبولوجيا التربية :
_bالاصول الثقافية للتربية /
_cمحمد منير مرسى
300 _a220 ص
650 0 4 _aالتربية
_2qrmak
650 0 4 _aالثقافة
_2qrmak
650 0 4 _aالاجتماع
_2qrmak
650 0 4 _aالانثربولوجيا
_2qrmak
651 _2qrmak
700 1 _aيوسف ميخائيل اسعد
700 1 _aمحمد عزت عبدالموجود (مترجم)
700 1 _aنيللر, ج. ف.
942 _2ddc
_cBK